Die 25 reichsten Personen im Jahr 2023 - Statistiken

Allgemein
  • Dieses Quiz wurde 115 mal gespielt
  • Das Durchschnittsergebnis liegt bei 6 aus 25
Antwortstatistiken
Platz Grund Antwort % Korrekt
2. Tesla, SpaceX Elon Musk
98%
6. Microsoft Bill Gates
80%
3. Amazon Jeff Bezos
80%
15. Facebook Mark Zuckerberg
73%
5. Berkshire Hathaway Warren Buffet
35%
8. Bloomberg L.P. Michael Bloomberg
26%
9. Google, Alphabet Larry Page
25%
1. LVMH Bernard Arnault
21%
21. Erben (Koch Industries) Charles Koch
20%
20. Erben (Koch Industries) Julia Koch
20%
11. Google, Alphabet Sergey Brin
16%
7. Unternehmer der Telekommunikationsbranche Carlos Slim Helú
11%
14. Inditex, Zara Amancio Ortega
9%
25. Adani Group Gautam Adani
9%
23. Dell Technologies Michael Dell
9%
4. Oracle Larry Ellison
8%
10. Microsoft Steve Ballmer
8%
19. Erben (Walmart) Alice Walton
7%
16. Bank, Erben (Walmart) Jim Walton
7%
18. Erben (Walmart) Rob Walton
7%
13. Reliance Industries Mukesh Ambani
3%
24. Nike Philip Knight
2%
22. Osmington Incorporated David Thomson
1%
12. Industriellen-Erbin Francoise Bettencourt Meyers
1%
17. Nongfu Spring, Beijing Wantai Pharmacy Enterprise Zhong Shanshan
1%
Keine übereinstimmenden Quizze gefunden
Verteilung der Resultate
Anzahl Personen mit jedem Resultat
Perzentil nach korrekt beantworteten Fragen
Ihre Resultats-Entwicklung
Sie haben dieses Quiz noch nicht gespielt